000 00869nam a22002177a 4500
008 170118s2002 sp||||| |||| 00| 0 spa d
020 _a84270812002
082 0 4 _a770.9
_bP575p
111 1 _aFestival Internacional de Fotografía PhotoEspaña.
_95703
245 1 _aPHE02 :
_bfemeninos /
_cFestival Internacional de Fotografía PhotoEspaña ; coordinación por Anne Morin.
250 _a1a ed.
260 _aMadrid, España :
_bFestival Internacional de Fotografía PhotoEspaña,
_c2002.
300 _a[200] p.
_bil. col.
500 _aCatálogo publicado con motivo a la V Edición del Festival Internacional de Fotografía PHotoEspaña "Femeninos".
653 1 0 _aArte contemporáneo
653 1 0 _aFotografía
653 1 0 _aArte - Feminismo
653 1 0 _aFotografía - Siglo XX
653 1 0 _aFotografía - Mujeres
700 1 _aMorin, Anne.
_ecoordinadora.
_95704
999 _c1119
_d1119